Statistics for Guess the Fortnite skin

Click here to take the quiz!

General Stats

  • This quiz has been taken 679 times
  • The average score is 12 of 16

Answer Stats

Answer% Correct
Midas
97%
Red Knight
88%
Fishstick
87%
John Wick
85%
Peely
83%
Raven
79%
Galaxy
78%
Skull Trooper
76%
Aura
73%
Dummy
73%
Tomatohead
73%
Brite Bomber
72%
Renegade Raider
71%
Nog ops
66%
Surf Witch
34%
Joltara
22%

Score Distribution

Percentile by Number Answered

Percent of People with Each Score

Your Score History

You have not taken this quiz